000 00745nam a2200289Ia 4500
005 20260324113949.0
008 008 260324s9999 xx 000 0 eng d
020 _a9781003432920
037 _aEBOOK
040 _aCRL
040 _beng
040 _cCRL
041 _2eng
041 _aeng
084 _qCRL
100 _aBrahim Rekiek
_91148879
245 0 _aAirport Baggage Handling Systems
245 0 _bUsing the Baggage Factory Approach to Support AI Optimisation, Decisions, and Design Processes
260 _bTaylor and Francis
260 _c2023
365 _a
365 _b260
856 _uhttp://www.taylorfrancis.com/books/9781003432920
942 _cEBOOK
999 _c1738812
_d1738812